<?xml version="1.0" encoding="UTF-8"?><?xml-stylesheet type="text/xsl" href="static/style.xsl"?><OAI-PMH xmlns="http://www.openarchives.org/OAI/2.0/" xmlns:xsi="http://www.w3.org/2001/XMLSchema-instance" xsi:schemaLocation="http://www.openarchives.org/OAI/2.0/ http://www.openarchives.org/OAI/2.0/OAI-PMH.xsd"><responseDate>2026-06-02T10:37:21Z</responseDate><request verb="GetRecord" identifier="oai:riuma.uma.es:10630/3164" metadataPrefix="marc">https://riuma.uma.es/rest/oai/request</request><GetRecord><record><header><identifier>oai:riuma.uma.es:10630/3164</identifier><datestamp>2026-02-03T12:48:39Z</datestamp><setSpec>com_10630_27</setSpec><setSpec>com_10630_3139</setSpec><setSpec>com_10630_10</setSpec><setSpec>col_10630_553</setSpec></header><metadata><record xmlns="http://www.loc.gov/MARC21/slim" xmlns:dcterms="http://purl.org/dc/terms/" xmlns:doc="http://www.lyncode.com/xoai" xmlns:xsi="http://www.w3.org/2001/XMLSchema-instance" xsi:schemaLocation="http://www.loc.gov/MARC21/slim http://www.loc.gov/standards/marcxml/schema/MARC21slim.xsd">
   <leader>00925njm 22002777a 4500</leader>
   <datafield ind2=" " ind1=" " tag="042">
      <subfield code="a">dc</subfield>
   </datafield>
   <datafield ind2=" " ind1=" " tag="720">
      <subfield code="a">García-Manjón, José Luis</subfield>
      <subfield code="e">author</subfield>
   </datafield>
   <datafield ind2=" " ind1=" " tag="720">
      <subfield code="a">Moreno, Gabriel</subfield>
      <subfield code="e">author</subfield>
   </datafield>
   <datafield ind2=" " ind1=" " tag="260">
      <subfield code="c">1980</subfield>
   </datafield>
   <datafield ind2=" " ind1=" " tag="520">
      <subfield code="a">Se realiza un ensayo de trabajo para determinar ciertos grupos de hongos específicos o que muestren apetencia a fructificar sobre restos vegetales del género Pinus, introduciendo signos determinados para estos estudios. Resultan nuevas aportaciones al catálogo micológico español los ocho siguientes táxones: Ascobolus archeri, Coniophorella olivacea, Oidium candicans, Hyphoderma argillaceum, Hyphoderma pallidum, Hipochnicium eichleri, Galerina autumnalis y Galerina stylifera. De las cuales Ascobolus archeri es nueva cita para Europa.</subfield>
   </datafield>
   <datafield ind2=" " ind1=" " tag="520">
      <subfield code="a">In order to determine wether there is any specific group of fungi able to fructify on plant debris from the genus Pinus L., a Sheme of work was made, introducing new signs for it. 8 new taxons are described, being a contribution to the Spanish mycological catalogue. The presence in Spain of Ascobolus archeri formely known only in Tasmania (Australia) should be pointed out.</subfield>
   </datafield>
   <datafield ind1="8" ind2=" " tag="024">
      <subfield code="a">Acta Botánica Malacitana, Nº 6&#xd;
, 1980, Págs. 149&#xd;
-174</subfield>
   </datafield>
   <datafield ind1="8" ind2=" " tag="024">
      <subfield code="a">02109506</subfield>
   </datafield>
   <datafield ind1="8" ind2=" " tag="024">
      <subfield code="a">http://hdl.handle.net/10630/3164</subfield>
   </datafield>
   <datafield ind2="0" ind1="0" tag="245">
      <subfield code="a">Contribución al estudio de los hongos que fructifican sobre la familia "Pinaceae" (Gen. Pinus L.) en España (1ª aportación)</subfield>
   </datafield>
</record>
</metadata></record></GetRecord></OAI-PMH>